Katie Kazoo Switcheroo: anyone but me (Record no. 8981)
[ view plain ]
| 000 -LEADER | |
|---|---|
| fixed length control field | 00776nam a22002177a 4500 |
| 003 - CONTROL NUMBER IDENTIFIER | |
| control field | OSt |
| 005 - DATE AND TIME OF LATEST TRANSACTION | |
| control field | 20260312011939.0 |
| 008 - FIXED-LENGTH DATA ELEMENTS--GENERAL INFORMATION | |
| fixed length control field | 260312b |||||||| |||| 00| 0 eng d |
| 020 ## - INTERNATIONAL STANDARD BOOK NUMBER | |
| International Standard Book Number | 0-448-42653-6 |
| 040 ## - CATALOGING SOURCE | |
| Original cataloging agency | DWCL GS lib |
| Transcribing agency | OC |
| 082 ## - DEWEY DECIMAL CLASSIFICATION NUMBER | |
| Edition number | K94k 2002 |
| 100 ## - MAIN ENTRY--PERSONAL NAME | |
| Personal name | Katie Kazoo Switcheroo: anyone but me |
| 245 ## - TITLE STATEMENT | |
| Title | Katie Kazoo Switcheroo: anyone but me |
| Statement of responsibility, etc. | KRULIK, NANCY |
| 260 ## - PUBLICATION, DISTRIBUTION, ETC. | |
| Place of publication, distribution, etc. | Canada |
| Name of publisher, distributor, etc. | Grosset & Dunlap |
| Date of publication, distribution, etc. | 2002. |
| 300 ## - PHYSICAL DESCRIPTION | |
| Extent | 76 p |
| Other physical details | illustrations |
| Dimensions | 19cm. |
| 520 ## - SUMMARY, ETC. | |
| Summary, etc. | In Katie Kazoo Switcheroo: Anyone But Me by Nancy Krulik, third-grader Katie Carew is fed up with being teased by bully George Brennan and wishes to be anyone else. |
| 546 ## - LANGUAGE NOTE | |
| Language note | English |
| 650 ## - SUBJECT ADDED ENTRY--TOPICAL TERM | |
| Source of heading or term | Self-acceptance |
| 650 ## - SUBJECT ADDED ENTRY--TOPICAL TERM | |
| Source of heading or term | Respect and Understand Others |
| 942 ## - ADDED ENTRY ELEMENTS (KOHA) | |
| Source of classification or shelving scheme | Dewey Decimal Classification |
| Koha item type | Fiction |
| Classification part | Fic. |
| Suppress in OPAC | No |
No items available.